Proyeccion de la poblacion del Ecuador, 1.960-1.980.

Bibliographic Details
Corporate Authors: Ecuador. División de Estadística y Censos, Ecuador. Secretaría General de Planeación Económica
Format: Book
Language:Spanish
Published: [Quito] : [Division de Estadistica y Censos], [between 1960 and 1969]
Subjects:

MARC

Tag First Indicator Second Indicator Subfields
LEADER 00000cam a2200000 a 4500
001 in00000075570
005 20151008053642.0
008 760709q19601969ec f00010 spam
010 |a  72465252  
035 |a (OCoLC)02304870 
035 |9 AAH8165AM 
040 |a DLC  |c PIT  |d TXA  |d UtOrBLW 
043 |a s-ec--- 
049 |a TXAM  |c [1271891] 
050 0 0 |a HB3569  |b .A54 
110 1 |a Ecuador.  |b División de Estadística y Censos. 
245 1 0 |a Proyeccion de la poblacion del Ecuador, 1.960-1.980. 
264 1 |a [Quito] :  |b [Division de Estadistica y Censos],  |c [between 1960 and 1969] 
300 |a 40 pages ;  |c 32 cm. 
336 |a text  |b txt  |2 rdacontent 
337 |a unmediated  |b n  |2 rdamedia 
338 |a volume  |b nc  |2 rdacarrier 
500 |a Cover title. 
500 |a At head of title: Secretaria General de Planeacion Economica de la Junta Nacional de Planificacion y Coordinacion. 
650 0 |a Population forecasting  |z Ecuador. 
710 1 |a Ecuador.  |b Secretaría General de Planeación Económica. 
999 |a MARS 
999 f f |s 6f2fa07d-0232-3ebb-8b66-7457577c5b1c  |i 4a71f5bd-d8c6-3c50-a56d-e8c4154babfb  |t 0 
952 f f |p ric  |a Texas A&M University  |b Rellis Campus  |c Joint Library Facility  |d Remote Storage  |t 0  |e HB3569 .A54  |h Library of Congress classification  |i unmediated -- volume  |m A14806120651 
998 f f |a HB3569 .A54  |t 0  |l Remote Storage